Statistiken für Dortmund - Quiz

Klicken Sie hier um das Quiz zu spielen!

Allgemein

  • Dieses Quiz wurde 75 mal gespielt
  • Das Durchschnittsergebnis liegt bei 9 aus 20

Antwortstatistiken

HinweisAntwort% Korrekt
Größter FußballvereinBorussia Dortmund
93%
Ballungsraum, in dem Dortmund liegtRuhrgebiet
93%
Stadion, in dem dieser Verein spieltSignal-Iduna-Park
86%
Benachbarte KreiseKreis Unna
83%
Benachbarte kreisfreie StädteBochum
74%
Dieser Sportverband hat 2015 in Dortmund ein nationales Museum für seine Sportart errichtetDFB
69%
Traditionsreiche Veranstaltungsarena unweit des StadionsWestfalenhalle
61%
Hochhaus, auf dem ein vergoldeter und beleuchteter Buchstabe angebracht wurdeDortmunder U
54%
Künstlich angelegter See im Stadtteil HördePhoenix-See
51%
Benachbarte kreisfreie StädteHagen
50%
Aussichts- und Fernsehturm mit einer Höhe von über 200mFlorianturm
46%
Fluss, der sich von Osten nach Westen durch das Stadtgebiet ziehtEmscher
34%
Benachbarte KreiseKreis Recklinghausen
34%
Eine der meist frequentierten Einkaufsstraßen DeutschlandsWestenhellweg
34%
In Dortmund geborener Schauspieler, der vor allem durch die Rolle des Ermittlers Freddy Schenk im Tatort Köln bekannt istDietmar Bär
20%
Für das Brauen dieser Biersorte wurde Dortmund über seine Grenzen hinaus bekanntExport
20%
Benachbarte KreiseEnnepe-Ruhr-Kreis
19%
Schutzpatron der StadtReinoldus
11%
Deutscher Verteilnetzbetreiber für Strom und Gas mit Sitz in DortmundWestnetz
7%
Litauische Großstadt, die im Jahr 1253 unter entscheidender Mitwirkung Dortmunder Kaufleute mit dem Namen Memel gegründet wurdeKlaipėda
6%

Verteilung der Resultate

Perzentil nach korrekt beantworteten Fragen

Anzahl Personen mit jedem Resultat

Ihre Resultats-Entwicklung

Sie haben dieses Quiz noch nicht gespielt